00368nam a2200133 a 45000010010000000030011000100080041000210350026000620820014000881000024001022450032001262600045001586500031002030000-8804ELIB.Books110520 1945  a(ELIB.Books)0000-8950 a260 bVan aVan Dusen, Henry P. aThey Found The Church There bNew York: Charles Scribner's Sons c1945 aChristian Church - Society